000 00395nam a2200133Ia 4500
005 20260328101441.0
008 260328s9999||||xx |||||||||||||| ||und||
100 _aRuano, Miguel
245 0 _aUn Vitruvio Ecológico :
_b principios y Práctica del Proyecto arquitectónico Sostenible /
_cMiguel Ruano
260 _bGustavo Gili
300 _a159 p.
650 _aARQUITECTURA Y CLIMA
942 _cBK
999 _c8292
_d8292